LEADER 01476nam 2200397Ia 450 001 996395229603316 005 20210104171233.0 035 $a(CKB)3810000000016862 035 $a(EEBO)2240859650 035 $a(OCoLC)ocn625260163e 035 $a(OCoLC)625260163 035 $a(EXLCZ)993810000000016862 100 $a20100521d1685 uy 0 101 0 $aeng 135 $aurbn||||a|bb| 200 00$aThus saith the Lord, O King James, be not afraid, Deut. 20.4$b[electronic resource] $efor the Lord your God is he that goeth with you, to fight for you against your enemies, to save you 210 $aLondon $cPrinted for the author$d[1685?] 215 $a1 sheet ([2] p.) 300 $aTitle from first lines of text. 300 $aSigned at end: P. James Richards. 300 $aImprint from colophon. 300 $aDate of publication suggested by Wing (2nd ed.). 300 $aReproduction of original in: British Library. 330 $aeebo-0018 606 $aBloody Assizes, 1685$vEarly works to 1800 606 $aMonmouth's Rebellion, 1685$vEarly works to 1800 607 $aGreat Britain$xHistory$yJames II, 1685-1688$vEarly works to 1800 615 0$aBloody Assizes, 1685 615 0$aMonmouth's Rebellion, 1685 701 $aRichards$b James$01019414 801 0$bUMI 801 1$bUMI 906 $aBOOK 912 $a996395229603316 996 $aThus saith the Lord, O King James, be not afraid, Deut. 20.4$92420226 997 $aUNISA